| 000 | 01353cam a22002174a 4500 | ||
|---|---|---|---|
| 005 | 20250605164240.0 | ||
| 008 | 250528s ||||||||||||||||||||||||d | ||
| 035 | _a21282 | ||
| 020 | _a9789600335606 | ||
| 040 |
_aGR-AtMCL _bgre _dGR-AtMCL _eAACR2 |
||
| 245 | 1 | _aΗ Επιχείρηση της Γνώσης / Η Διαχείριση της Γνώσης στη Σύγχρονη Επιχείρηση | |
| 250 | _a1η | ||
| 260 |
_bΚαστανιώτη, _c2003 |
||
| 300 | _a368 | ||
| 520 | _aΠρόλογος, Ευχαριστίες, Προίμιο, Εισαγωγή στην Οργανωσιακή Γνώση, Γνώση και Διοίκηση, Θεωρία Περί Δημιουργίας Οργανωσιακής Γνώσης, Η Δημιουργία Γνώσης στην Πράξη, Διοίκηση του Τύπου 'Από το Μέσο προς την Κορυφή και προς τη Βάσ', Μια Νέα Οργανωσιακή Δομή, Δημιουργία Παγκοσμιοποιημένης Οργανωσιακής Γνώσης, Διοικητικές και Θεωρητικές Επιπτώσεις, Σημειώσεις, Βιβλιογραφία, Ευρετήριο. | ||
| 700 | 1 |
_aΝονάκα Ικουζίρο _97322 |
|
| 700 | 1 | _aΤακεούτσι Χιροτάκα | |
| 942 | _cBK | ||
| 999 |
_c6347 _d6347 |
||